000 00911nam a2200253Ia 4500
003 OSt
005 20220930200302.0
006 a|||||r|||| 00| 0
007 ta
008 220926b |||||||| |||| 00| 0 eng d
024 _a24174
037 _cDissertations
040 _aCRL
_cCRL
_beng
041 _2eng
_aeng
100 _aBatra Rajiv Bhushan
_9564767
110 _aUniversity of Delhi. Faculty of Medical Sciences. Department of Pathology
245 0 _aStudy of intimal and medical muscular pulmonary artery abnormalities in chronic lung diseases and effect of age and smoking on these vessels
260 _c1991
650 _aPATHOLOGY
_9174058
700 _a Dr C B Mukherjee Supervisor
_9559489
700 _aUniversity of Delhi. Faculty of Medical Sciences. Department of Pathology
942 _cDIS
_2CC
999 _c900436
_d900436